header

Introduction to topological manifolds (Record no. 5244)

MARC details
000 -LEADER
fixed length control field 01287nam a22003254a 4500
001 - CONTROL NUMBER
control field ebr5008068
003 - CONTROL NUMBER IDENTIFIER
control field CaPaEBR
006 - FIXED-LENGTH DATA ELEMENTS--ADDITIONAL MATERIAL CHARACTERISTICS--GENERAL INFORMATION
fixed length control field m u
007 - PHYSICAL DESCRIPTION FIXED FIELD--GENERAL INFORMATION
fixed length control field cr cn|||||||||
008 - FIXED-LENGTH DATA ELEMENTS--GENERAL INFORMATION
fixed length control field 000225s2000 nyua sb 001 0 eng
010 ## - LIBRARY OF CONGRESS CONTROL NUMBER
Canceled/invalid LC control number 00026156
020 ## - INTERNATIONAL STANDARD BOOK NUMBER
Cancelled/invalid ISBN 0387987592 (hardcover : acid-free paper)
Cancelled/invalid ISBN 0387950265 (softcover : acid-free paper)
040 ## - CATALOGING SOURCE
Original cataloging agency CaPaEBR
Transcribing agency CaPaEBR
035 ## - SYSTEM CONTROL NUMBER
System control number (OCoLC)54852507
050 14 - LIBRARY OF CONGRESS CALL NUMBER
Classification number QA613.2
Item number .L44 2000eb
082 04 - DEWEY DECIMAL CLASSIFICATION NUMBER
Classification number 514/.3
Edition number 21
100 1# - MAIN ENTRY--PERSONAL NAME
Personal name Lee, John M.,
Dates associated with a name 1950-
245 10 - TITLE STATEMENT
Title Introduction to topological manifolds
Medium [electronic resource] /
Statement of responsibility, etc John M. Lee.
260 ## - PUBLICATION, DISTRIBUTION, ETC. (IMPRINT)
Place of publication, distribution, etc New York :
Name of publisher, distributor, etc Springer,
Date of publication, distribution, etc c2000.
300 ## - PHYSICAL DESCRIPTION
Extent xvii, 385 p. :
Other physical details ill.
490 1# - SERIES STATEMENT
Series statement Graduate texts in mathematics ;
Volume number/sequential designation 202
504 ## - BIBLIOGRAPHY, ETC. NOTE
Bibliography, etc Includes bibliographical references (p. [359]-361) and index.
533 ## - REPRODUCTION NOTE
Type of reproduction Electronic reproduction.
Place of reproduction Palo Alto, Calif. :
Agency responsible for reproduction ebrary,
Date of reproduction 2013.
Note about reproduction Available via World Wide Web.
-- Access may be limited to ebrary affiliated libraries.
650 #0 - SUBJECT ADDED ENTRY--TOPICAL TERM
Topical term or geographic name as entry element Topological manifolds.
655 #7 - INDEX TERM--GENRE/FORM
Genre/form data or focus term Electronic books.
Source of term local
710 2# - ADDED ENTRY--CORPORATE NAME
Corporate name or jurisdiction name as entry element ebrary, Inc.
830 #0 - SERIES ADDED ENTRY--UNIFORM TITLE
Uniform title Graduate texts in mathematics ;
Volume number/sequential designation 202.
856 40 - ELECTRONIC LOCATION AND ACCESS
Uniform Resource Identifier <a href="http://site.ebrary.com/lib/rucke/Doc?id=5008068">http://site.ebrary.com/lib/rucke/Doc?id=5008068</a>
Public note An electronic book accessible through the World Wide Web; click to view

No items available.

© 2026 Rongo University
Contact us: librarian | system librarian | Rongo university